Science Quiz

Random Science or Color Quiz

Spectral Class Colours Quiz Stats

Quiz not verified by Sporcle

Challenge
Share
Tweet
Embed
Score 0/7 Timer 03:00
0 Plays Today
Spectral Class Intrinsic Colour % Correct
FWhite
85.7%
KOrange
85.7%
MRed
85.7%
OBlue
81%
ABlue-white
81%
GYellow-white
81%
BBlue
76.2%

You're not logged in!

Compare scores with friends on all Sporcle quizzes.
Sign Up with Email
OR
Log In

You Might Also Like...

Show Comments

Extras

Top Quizzes Today


Score Distribution

Your Account Isn't Verified!

In order to create a playlist on Sporcle, you need to verify the email address you used during registration. Go to your Sporcle Settings to finish the process.

Report this User

Report this user for behavior that violates our Community Guidelines.

Details: